000 00515nam a2200181Ia 4500
005 20250508163529.0
008 008 250505s9999 xx 000 0 hin d
037 _aTextual
040 _aFEDL
_beng
_cFEDL
041 _ahin
_2eng
084 _a491.435, RAS
_qFEDL
100 _aRastogi Krishangopal
_9775555
245 0 _aHindi kriyao ka arthparak addhapan
260 _aDelhi, India
_bArchana Prakashan
_c1973
300 _a508p.
942 _cTEXL
_h491.435, RAS
999 _c1383900
_d1383900